| 000 -Cabeçalho |
| Cabeçalho |
00437nam 22001693 4500 |
| 001 - Identificador do registo |
| Identificador do registo |
32598 |
| 010 ## - Número Internacional Normalizado dos livros (ISBN) |
| Número Internacional Normalizado - ISBN |
3-540-18457-0 |
| 090 ## - Número de controle KOHA |
| Número biblioitem KOHA |
32598 |
| 100 ## - Dados gerais de processamento |
| Dados gerais de processamento |
20260318d u||y0pory50 ba |
| 101 ## - Língua da publicação |
| Língua do texto, banda sonora, etc. |
Inglês |
| 200 ## - Título e menção de responsabilidade |
| Título próprio |
Multiprocessing in Meteorological Models |
| Primeira menção de responsabilidade |
G.R. Hoffmann |
| Outras menções de responsabilidade |
D.F. Snelling |
| 210 ## - Publicação, distribuição, etc. |
| Lugar da edição, distribuição, etc. |
New York |
| Nome do editor, distribuidor, etc. |
Springer-Verlag |
| Data da publicação, distribuição, etc. |
1988 |
| 215 ## - Descrição física |
| Tipo do material e extensão do item |
438 p. |
| Dimensões |
24 cm |
| 317 ## - Nota de proveniência |
| Instituição e exemplar a que o campo se aplica |
INMG |
| 606 ## - Nome comum usado como assunto |
| Subdivisão de assunto |
Previsão Numérica |
| ID Autoridade |
23786 |
| 801 ## - Fonte de origem |
| Regras de catalogação |
ISBD |
| 942 ## - Informação adicional KOHA |
| Inibição de acesso no OPAC |
Não |